000 00665nam a2200217Ii 4500
003 JO-AjNU
008 230606s9999||||xx |||||||||||||| ||und||
020 _a0-85292-436-4
040 _aJO-AjNU
_beng
_erda
_cJO-AjNU
041 _aeng
050 1 4 _aHF5635 1990
100 3 _aDavies, David,
_eauthor
_93317
245 0 0 _aFinance and Accounting for Managers
250 _a1 ed
264 3 1 _aLondon: Institute of Personnel Management,1990
300 _a128p
_bglossary123-125p), indexes(127-128p)
336 _atext
_btxt
_2rdacontent
337 _aunmediated
_bn
_2rdamedia
338 _avolume
_bnc
_2rdacarrier
650 4 _aFinance- Accounting- Managers
_93318
999 _aE1734
_c1734
_d1734